Smertʹ i pokhoronnyĭ obri︠a︡d v Islame i Zoroastrizme /

Saved in:
Bibliographic Details
Main Author: Khismatulin, A. A.
Other Authors: Kri︠u︡kova, V. I︠U︡.
Format: Book
Language:Russian
Published: Sankt-Peterburg : T︠S︡entr "Peterburgskoe Vostokovedenie", 1997.
Series:Orientalia (Saint Petersburg, Russia)
Subjects:
Tags: Add Tag
No Tags, Be the first to tag this record!
LEADER 01214nam a22003137u 4500
001 007748044-9
005 20020606104010.5
008 910207|1990 ru b |||||||rus|d
020 |a 5858030963 
035 0 |a ocm48796489 
050 0 0 |a BP166.815  |b .K44 1997 
100 1 |a Khismatulin, A. A.  |q (Alekseĭ Aleksandrovich) 
245 1 0 |a Smertʹ i pokhoronnyĭ obri︠a︡d v Islame i Zoroastrizme /  |c A.A. Khismatulin, V.I︠U︡. Kri︠u︡kova. 
246 3 |a Marg va marāsim-i tadfīn dar Islām va dīn-i Zartushtī 
246 1 5 |a Death and funeral rite in Islam and Zoroastrizm 
260 |a Sankt-Peterburg :  |b T︠S︡entr "Peterburgskoe Vostokovedenie",  |c 1997. 
300 |a 266 p. 
490 1 |a Orientalia 
546 |a Summary in English. 
504 |a Includes bibliographical references (p. [255]-263). 
650 0 |a Death  |x Religious aspects  |x Islam. 
650 0 |a Death  |x Religious aspects  |x Zoroastrianism. 
650 0 |a Islamic funeral rites and ceremonies. 
650 0 |a Funeral rites and ceremonies, Zoroastrian. 
650 0 |a Dokhmas. 
700 1 |a Kri︠u︡kova, V. I︠U︡.  |q (Viktorii︠a︡ I︠U︡rʹevna) 
830 0 |a Orientalia (Saint Petersburg, Russia) 
988 |a 20020608 
906 |0 MH